00726nam a2200205Ia 4500003000900000008004100009020001800050040001600068080001600084100002500100245013300125260003100258300001300289650004100302650002900343650003300372942000700405999001500412952009300427IN-BaIIA211028s9999 xx 000 0 eng d a0-85274-388-2 cIIA Library a53.081bPET aPetley, B. W.915942 4aThe fundamental physical contants and the frontier of measurementc B. W. Petley  aBristolbAdam Hilgerc1988 ax, 347p. aAstronomy and astrophysics thesaurus aPhysical contants915943 aPhysical measurements915944 cBK c9468d9468 00104070aBANbBANcGENd0000-00-00l0o53.081/ PETp10378r2021-11-05w0000-00-00yBK